Biblioteca y Centro de Documentación

La negociación colectiva como medio para la promoción de la igualdad efectiva entre mujeres y hombres en las relaciones de trabajo a partir de la Ley Orgánica 3/2007 (Registro nro. 42809)

Detalles MARC
000 -CABECERA
Longitud fija campo de control 01159naa a2200289 c 4500
001 - NÚMERO DE CONTROL
Número de control 42809
003 - IDENTIFICADOR DE NÚMERO DE CONTROL
Identificador del número de control ES-MaCES
005 - FECHA Y HORA DE LA ÚLTIMA TRANSACCIÓN
Fecha y hora de la última transacción 20120522123600.0
008 - CAMPO FIJO DE DESCRIPCIÓN FIJA--INFORMACIÓN GENERAL
Códigos de información de longitud fija   120522n2011 sp t 000 | spa d
035 ## - NÚMERO DE CONTROL DEL SISTEMA
Número de control del sistema CES20120004194v
040 ## - FUENTE DE CATALOGACIÓN
Centro catalogador de origen ES-MaCES
Lengua de catalogación spa
Centro transcriptor ES-MaCES
245 03 - MENCIÓN DE TÍTULO
Título La negociación colectiva como medio para la promoción de la igualdad efectiva entre mujeres y hombres en las relaciones de trabajo a partir de la Ley Orgánica 3/2007
Mención de responsabilidad, etc. Percy Alarcón Bravo de Rueda ... [et al.]
650 #4 - ASIENTO SECUNDARIO DE MATERIA--TÉRMINO DE MATERIA
Término de materia o nombre geográfico como elemento inicial España
9 (RLIN) 26964
650 #4 - ASIENTO SECUNDARIO DE MATERIA--TÉRMINO DE MATERIA
Término de materia o nombre geográfico como elemento inicial desarrollo de la carrera
9 (RLIN) 29403
650 #4 - ASIENTO SECUNDARIO DE MATERIA--TÉRMINO DE MATERIA
Término de materia o nombre geográfico como elemento inicial aspiración profesional
9 (RLIN) 29958
650 #4 - ASIENTO SECUNDARIO DE MATERIA--TÉRMINO DE MATERIA
Término de materia o nombre geográfico como elemento inicial legislación del trabajo
9 (RLIN) 27166
650 #4 - ASIENTO SECUNDARIO DE MATERIA--TÉRMINO DE MATERIA
Término de materia o nombre geográfico como elemento inicial negociación colectiva
9 (RLIN) 28362
650 #4 - ASIENTO SECUNDARIO DE MATERIA--TÉRMINO DE MATERIA
Término de materia o nombre geográfico como elemento inicial discriminación por razones de sexo
9 (RLIN) 29521
650 #4 - ASIENTO SECUNDARIO DE MATERIA--TÉRMINO DE MATERIA
Término de materia o nombre geográfico como elemento inicial derechos de la mujer
9 (RLIN) 27173
650 #4 - ASIENTO SECUNDARIO DE MATERIA--TÉRMINO DE MATERIA
Término de materia o nombre geográfico como elemento inicial igualdad de oportunidades
9 (RLIN) 27183
653 10 - TÉRMINO DE INDEXACIÓN--NO CONTROLADO
Término no controlado Mujer
700 1# - ENCABEZAMIENTO SECUNDARIO--NOMBRE PERSONAL
Nombre de persona Alarcón Bravo de Rueda, Percy Orestes
9 (RLIN) 5763
773 0# - ENTRADA DE DOCUMENTO FUENTE
Título La igualdad efectiva de mujeres y hombres
Parte(s) relacionada(s) p. 79-123 SG - 2.0. - 260
Número de control del registro relacionado (ES-MaCES)24409
902 ## - CES. TIPO DE DOCUMENTO
Tipodoc (006$c Sirtex) ARL Artículo de libro
942 ## - ELEMENTOS KOHA
Fuente de clasificaión o esquema Clasificación propia del CES
Koha [por defecto] tipo de item Artículos (1982-2017)
Parte de clasificación 3.3.

No hay ítems disponibles.

© CES, Consejo Económico y Social de España 2021